01173nam a22001457a 4500003000400000020001800004082001400022100002100036245005500057250001000112260002600122300000800148650001600156653085500172SGT a9780070635524 a658.1,NEW aNEW STROM JOHN W aORGANIZATIONAL BEHAVIOR bHUMAN BEHAVIOR AT WORK  a12TH  aNEW DELHI bTMHc2007 a528 aMANAGEMENT  aand Organizational Culture PART II : MOTIVATION AND REWARD SYSTEMS Chapter 5 Motivation Chapter 6 Appraising and Rewarding Performance PART III : LEADERSHIP AND EMPOWERMENT Chapter 7 Leadership Chapter 8 Empowerment and Participation PART IV : INDIVIDUAL AND INTERPERSONAL BEHAVIOR Chapter 9 Employee Attitudes and Their Effects Chapter 10 Issues Between Organizations and Individuals Chapter 11 Interpersonal Behavior PART V : GROUP BEHAVIOR Chapter 12 Informal and Formal Groups Chapter 13 Teams and Team Building PART VI : CHANGE AND ITS EFFECTS Chapter 14 Managing Change Chapter 15 Stress and Counseling PART VII : EMERGING ASPECTS OF ORGANIZATIONAL BEHAVIOR Chapter 16 Organizational Behavior Across Cultures PART VIII : CASE PROBLEMS Glossary Appendix A: Personal Development Plan References Name Index Subject Index